Najkrótsze nazwy pierwiastków chemicznych od A do Ż - Statystyki

Ogólne statystyki
  • Ten quiz został rozwiązany 31 razy
  • Średni wynik to 15 z 23
Statystyki odpowiedzi
Litera Długość Pierwiastek % Poprawnych
B 3 bar | bor
88%
H 3 has | hel
81%
J 3 jod
81%
U 4 uran
81%
R 3 rad | ren | rod
77%
S 3 sód
77%
T 3 tal | tor | tul
77%
A 4 azot
73%
C 3 cer | cez
73%
G 3 gal
73%
L 3 lit
73%
P 5 polon | potas
73%
N 4 neon | niob
69%
Ż 6 żelazo
69%
I 3 ind | itr
62%
K 4 kadm | kiur
62%
O 3 osm
58%
Z 5 złoto
58%
M 5 miedź
50%
E 3 erb
46%
W 4 wapń
42%
F 4 ferm
35%
D 4 dubn
31%
Nie znaleziono quizów pasujących do podanych kryteriów
Rozkład punktacji
Procent ludzi z każdym wynikiem
Percentyl według liczby udzielonych odpowiedzi
Twoja historia wyników
Nie rozwiązałeś tego quizu